Natural respurce management / (Record no. 17085)

MARC details
000 -LEADER
fixed length control field 00752nam a22002177a 4500
005 - DATE AND TIME OF LATEST TRANSACTION
control field 20081021094436.0
008 - FIXED-LENGTH DATA ELEMENTS--GENERAL INFORMATION
fixed length control field 081021t xxu||||| |||| 00| 0 eng d
010 ## - LIBRARY OF CONGRESS CONTROL NUMBER
LC control number ENG-84119
020 ## - INTERNATIONAL STANDARD BOOK NUMBER
International Standard Book Number 8170999863
020 ## - INTERNATIONAL STANDARD BOOK NUMBER
Terms of availability 895.00 (hb)
035 ## - SYSTEM CONTROL NUMBER
System control number EN-67652
082 ## - DEWEY DECIMAL CLASSIFICATION NUMBER
Classification number 333.715
245 ## - TITLE STATEMENT
Title Natural respurce management /
Statement of responsibility, etc edited by B W Pandey
260 ## - PUBLICATION, DISTRIBUTION, ETC. (IMPRINT)
Place of publication, distribution, etc New Delhi
Name of publisher, distributor, etc Mittal Publications
260 ## - PUBLICATION, DISTRIBUTION, ETC. (IMPRINT)
Date of publication, distribution, etc 2005
300 ## - PHYSICAL DESCRIPTION
Extent xxv,465p
Dimensions 23cm
500 ## - GENERAL NOTE
General note Includes bibliographical references and index
700 ## - ADDED ENTRY--PERSONAL NAME
Personal name Pandey, B W
942 ## - ADDED ENTRY ELEMENTS (KOHA)
Source of classification or shelving scheme Dewey Decimal Classification
Koha item type English Books
Classification part 333.715
Call number suffix NAT
Holdings
Withdrawn status Lost status Source of classification or shelving scheme Damaged status Not for loan Home library Current library Date acquired Source of acquisition Cost, normal purchase price Total Checkouts Full call number Barcode Date last seen Copy number Cost, replacement price Price effective from Koha item type
    Dewey Decimal Classification   Not For Loan D.B.Act.Division D.B.Act.Division 26/02/2007 dbad/pub 895.00   333.715 NAT EN-67652 21/10/2008 1 895.00 21/10/2008 English Books

© Delhi Public Library
Hit Counter
free hit counter